00855nam a22001937a 450000500170000002000220001703500230003903700130006210000190007524500590009426000420015330000240019570000240021994200220024399900170026595201140028295201410039695201240053720180808152707.0 a817829219Xc00.00 aB-119549, B-119553 aDPLbENG aAdams, Bert N. aSociological theory /cby Bert N. Adams and R.A. Sydie aNew DelhibVistaar Publicationsc2001 axxx, 612p.c24 cms. aSydie, R.A. 944967 2ddccENh301mADA c64872d64872 001040708NFICaZLSbZLSd2012-04-11g0.00l0o301 ADApB-119549r2012-04-11 00:00:00v0.00w2012-04-11yEN 001040708NFICaBL4bBL4d2018-08-08eBPPD/PUBg0.00l12m22o301 ADApB-119553r2024-12-13 00:00:00s2024-11-14v0.00w2018-08-08yEN 0010407-18NFICaLbLd2019-05-17eDBAD/PUBg0.00l0o301 ADApB-119548r2019-05-17 00:00:00t1v0.00w2019-05-17yEN